Detalles MARC
| 000 -LEADER |
| fixed length control field |
01775 am a2200457 a 4500 |
| 005 - FECHA ULTIMA MODIFICACION |
| control field |
20240523094312.0 |
| 008 - CAMPO DE CONTROL (LIBRO) |
| fixed length control field |
100317s2000||||sp a f |||| 001 0 spa d |
| 020 ## - INTERNATIONAL STANDARD BOOK NUMBER |
| ISBN |
8471013029 |
| 041 ## - CODIGO DE IDIOMA |
| Código de idioma del texto/pista de sonido o título separado |
spa |
| 092 ## - SIGNATURA TOPOGRAFICA DEWEY LOCAL |
| número de clasificación |
615.83 |
| libristica |
6 |
| Edition number |
BAJ |
| 100 1# - ENTRADA PRINCIPAL--NOMBRE PERSONAL |
| Nombre personal |
Bajo Arenas, J. M. |
| 9 (RLIN) |
481 |
| 245 ## - TITULO PROPIAMENTE DICHO |
| Título |
Ultrasonografía Obstétrica / |
| Mención de responsabilidad y remanente de la transcripción de la portada |
J. M. Bajo Arenas. |
| 250 ## - MENCION DE EDICION |
| Mención de edición |
2a ed. |
| 260 ## - PIE DE IMPRENTA |
| Lugar de publicación, distribución, etc |
Madrid: |
| Nombre de la editorial, distribuidor, etc |
Marbán; |
| Fecha de publicación |
2000. |
| 300 ## - DESCRIPCION FISICA |
| Extension |
463 p. |
| Otros detalles físicos |
il. |
| 500 ## - NOTA GENERAL |
| Nota general |
Bajo Arenas, J. M. (2000). Ultrasonografía Obstetrica. (2a ed.). Madrid : Marbán. |
| 590 ## - NOTAS LOCALES (RLIN) |
| Nota local |
Donación Ernesto Rosemberg, Julio 2009 |
| 653 ## - TÉRMINO INDIZADO - PALABRAS CLAVES |
| Palabra clave |
Examen ecográfico en la gestación hormonal |
| 653 ## - TÉRMINO INDIZADO - PALABRAS CLAVES |
| Palabra clave |
Ecografía transvaginal en el primer trimestre |
| 653 ## - TÉRMINO INDIZADO - PALABRAS CLAVES |
| Palabra clave |
Ultrasonografía transvaginal en el diagnóstico de malformaciones en el primero y comienzos del segundo trimestre |
| 653 ## - TÉRMINO INDIZADO - PALABRAS CLAVES |
| Palabra clave |
Embarazo ectópico |
| 653 ## - TÉRMINO INDIZADO - PALABRAS CLAVES |
| Palabra clave |
Anatomía ecográfica fetal |
| 653 ## - TÉRMINO INDIZADO - PALABRAS CLAVES |
| Palabra clave |
Indicadores ecográficos de cromosomopatías |
| 653 ## - TÉRMINO INDIZADO - PALABRAS CLAVES |
| Palabra clave |
Malformaciones del SNC |
| 653 ## - TÉRMINO INDIZADO - PALABRAS CLAVES |
| Palabra clave |
Cardiopatías congénitas |
| 653 ## - TÉRMINO INDIZADO - PALABRAS CLAVES |
| Palabra clave |
Patología pulmonar fetal |
| 653 ## - TÉRMINO INDIZADO - PALABRAS CLAVES |
| Palabra clave |
Malformaciones de la pared abdominal |
| 653 ## - TÉRMINO INDIZADO - PALABRAS CLAVES |
| Palabra clave |
Exploración ecográfica del aparato urinario fetal |
| 653 ## - TÉRMINO INDIZADO - PALABRAS CLAVES |
| Palabra clave |
Malformaciones musculoesqueléticas |
| 653 ## - TÉRMINO INDIZADO - PALABRAS CLAVES |
| Palabra clave |
Valoración ecográfica de la placenta |
| 653 ## - TÉRMINO INDIZADO - PALABRAS CLAVES |
| Palabra clave |
Valoración ecográfica del líquido amniótico |
| 653 ## - TÉRMINO INDIZADO - PALABRAS CLAVES |
| Palabra clave |
Valoración ecográfica del cordón umbilical |
| 653 ## - TÉRMINO INDIZADO - PALABRAS CLAVES |
| Palabra clave |
Gestación gemelar |
| 653 ## - TÉRMINO INDIZADO - PALABRAS CLAVES |
| Palabra clave |
Diagnóstico ecográfico del sexo fetal |
| 653 ## - TÉRMINO INDIZADO - PALABRAS CLAVES |
| Palabra clave |
Ecografía en el crecimiento intrauterino |
| 653 ## - TÉRMINO INDIZADO - PALABRAS CLAVES |
| Palabra clave |
Perfil biofísico fetal |
| 653 ## - TÉRMINO INDIZADO - PALABRAS CLAVES |
| Palabra clave |
Fluxometría Doppler en obstetricia |
| 653 ## - TÉRMINO INDIZADO - PALABRAS CLAVES |
| Palabra clave |
Patología asociada al embarazo |
| 930 ## - NUMERO DE INVENTARIO |
| Número de inventario |
2002 |
| 942 ## - ADDED ENTRY ELEMENTS (KOHA) |
| Source of classification or shelving scheme |
Dewey Decimal Classification |
| Item type |
Libros |